Biggest Mediterranean Cities on Map Quiz - Statistics

General Stats
  • This quiz has been taken 226 times
    211 since last reset
  • The average score is 15 of 18
Answers on the Map
Answers color-coded by a green-red scale on the quiz's map according to % correct below.
 
Answer Stats
Population Continent City % Correct
3.38 mil Europe Athens
98%
3.60 mil Europe Rome
98%
4.70 mil Europe Barcelona
97%
2.58 mil Africa Tunis
96%
4.23 mil Europe Naples
93%
5.85 mil Africa Alexandria
92%
2.63 mil Asia Tel Aviv
92%
3.83 mil Africa Algiers
91%
1.66 mil Europe Marseille
91%
1.18 mil Africa Tripoli
89%
1.75 mil Asia Beirut
84%
1.76 mil Europe Valencia
84%
3.00 mil Asia Izmir
74%
1.91 mil Asia Gaza
69%
1.52 mil Europe Málaga
64%
1.24 mil Asia Antalya
60%
1.42 mil Africa Oran
58%
1.77 mil Asia Mersin
29%
No matching quizzes found
Score Distribution
Percent of People with Each Score
Percentile by Number Answered
Your Score History
You have not taken this quiz since the last reset